Most expensive football transfers - 2019-2020 Season - Statistics

General Stats
  • This quiz has been taken 35 times
  • The average score is 9 of 10
Answer Stats
Fee (M €) Nationality Left Joined Player % Correct
120,00 France Atlético Madrid Barcelona Antoine Griezmann
100%
127,20 Portugal Benfica Atlético Madrid João Félix
97%
74,00 Belgium Manchester United Inter Romelu Lukaku
97%
115,00 Belgium Chelsea Real Madrid Eden Hazard
94%
86,00 Netherlands Ajax Barcelona Frenkie de Jong
94%
87,00 England Leicester City Manchester United Harry Maguire
94%
85,50 Netherlands Ajax Juventus Matthijs de Ligt
91%
80,00 Ivory Coast LOSC Lille Arsenal Nicolas Pépé
88%
80,00 France Atlético Madrid Bayern Munich Lucas Hernández
82%
70,00 Spain Atlético Madrid Manchester City Rodri
82%
No matching quizzes found
Score Distribution
Percent of People with Each Score
Percentile by Number Answered
Your Score History
You have not taken this quiz